Safety in tall buildings (Record no. 102445)
[ view plain ]
| 000 -LEADER | |
|---|---|
| fixed length control field | 00362cam a2200133 4500 |
| 008 - FIXED-LENGTH DATA ELEMENTS--GENERAL INFORMATION | |
| fixed length control field | 020930n2002 000 0 eng u |
| 020 ## - INTERNATIONAL STANDARD BOOK NUMBER | |
| International Standard Book Number | 0901297240 |
| 035 ## - SYSTEM CONTROL NUMBER | |
| System control number | (Sirsi) u119910 |
| 110 ## - MAIN ENTRY--CORPORATE NAME | |
| Corporate name or jurisdiction name as entry element | Institution of Structural Engineers |
| 9 (RLIN) | 441 |
| 245 ## - TITLE STATEMENT | |
| Title | Safety in tall buildings |
| 260 ## - PUBLICATION, DISTRIBUTION, ETC. | |
| Name of publisher, distributor, etc. | Institution of Structural Engineers |
| Date of publication, distribution, etc. | 2002 |
| 350 ## - PRICE (NR) (BK AM CF MU VM SE) [OBSOLETE] | |
| Price | 30 |
| 942 ## - ADDED ENTRY ELEMENTS (KOHA) | |
| Suppress in OPAC | 0 |
No items available.